Statistics for Countries of G7

Click here to take the quiz!

General Stats

  • This quiz has been taken 92 times
  • The average score is 7 of 7

Answer Stats

Countries% Correct
UK
100%
USA
99%
France
99%
Canada
97%
Germany
96%
Japan
96%
Italy
92%

Score Distribution

Percentile by Number Answered

Percent of People with Each Score

Your Score History

You have not taken this quiz